[Event "Sautron op 16th"]
[Site "Sautron"]
[Date "2016.10.26"]
[Round "6.22"]
[White "Aumont, Eric"]
[Black "Guerra, Eric"]
[Result "0-1"]
[WhiteElo "1717"]
[BlackElo "2016"]
[PlyCount "84"]
[EventDate "2016.10.22"]
[EventType "swiss"]
[EventRounds "9"]
[EventCountry "FRA"]
[SourceTitle "EXT 2019"]
[Source "ChessBase"]
[SourceDate "2018.10.10"]
[SourceVersion "1"]
[SourceVersionDate "2018.10.10"]
[SourceQuality "1"]

1. c4 e5 2. Nc3 d6 3. g3 f5 4. Bg2 c6 5. d3 Nf6 6. Bg5 Be7 7. e4 0-0 8. Nge2 h6 9. Bxf6 Bxf6 10. Qb3 Rf7 11. 0-0 f4 12. gxf4 exf4 13. d4 Qe7 14. Kh1 g5 15. c5 dxc5 16. e5 Bg7 17. Nd5 cxd5 18. Bxd5 Nc6 19. Rad1 cxd4 20. Nxd4 Nxe5 21. Rfe1 Bg4 22. Rd2 Raf8 23. f3 Bh3 24. Rde2 Qd8 25. Rd1 Qb8 26. Ne6 Bxe6 27. Bxe6 Qc7 28. Rc2 Qe7 29. Rcd2 Bf6 30. Qd5 Kh8 31. Bxf7 Rxf7 32. Re2 Qc7 33. Kg2 a6 34. Qe4 Qc6 35. Rd5 Nc4 36. Re1 Ne3+ 37. Rxe3 fxe3 38. Qd3 Qe6 39. Rd6 Qe8 40. Kf1 Qb5 41. Qxb5 axb5 42. Re6 Re7 0-1

[Event "Basses Vallees Angevines op 4th"]
[Site "Cantenay Epinard"]
[Date "2015.12.19"]
[Round "3"]
[White "Aumont, Eric"]
[Black "Vernerey, Laurent"]
[Result "0-1"]
[WhiteElo "1699"]
[BlackElo "1909"]
[PlyCount "48"]
[EventDate "2015.12.19"]
[EventType "swiss"]
[EventRounds "5"]
[EventCountry "FRA"]
[SourceTitle "EXT 2019"]
[Source "ChessBase"]
[SourceDate "2018.10.10"]
[SourceVersion "1"]
[SourceVersionDate "2018.10.10"]
[SourceQuality "1"]

1. c4 e5 2. Nc3 Nf6 3. g3 d5 4. cxd5 Nxd5 5. Bg2 Nb6 6. d3 Nc6 7. Nf3 Be7 8. 0-0 0-0 9. Bd2 Be6 10. Na4 Nd5 11. Rc1 f5 12. Nc5 Bxc5 13. Rxc5 f4 14. b3 Qe7 15. Rc1 Rad8 16. Qc2 g5 17. Qb2 Qf6 18. Rc5 g4 19. Nh4 Nd4 20. Bxd5 Nxe2+ 21. Kh1 Bxd5+ 22. Ng2 fxg3 23. Be3 Bxg2+ 24. Kxg2 Qf3# 0-1

[Event "Basses Vallees Angevines op 4th"]
[Site "Cantenay Epinard"]
[Date "2015.12.19"]
[Round "4"]
[White "Aumont, Tom"]
[Black "Aumont, Eric"]
[Result "1/2-1/2"]
[WhiteElo "1713"]
[BlackElo "1699"]
[PlyCount "61"]
[EventDate "2015.12.19"]
[EventType "swiss"]
[EventRounds "5"]
[EventCountry "FRA"]
[SourceTitle "EXT 2019"]
[Source "ChessBase"]
[SourceDate "2018.10.10"]
[SourceVersion "1"]
[SourceVersionDate "2018.10.10"]
[SourceQuality "1"]

1. e4 e5 2. Nf3 Nc6 3. Bc4 Be7 4. 0-0 Nf6 5. Re1 0-0 6. c3 d6 7. h3 Na5 8. Bb3 Nxb3 9. Qxb3 b6 10. d4 Bb7 11. Qc2 Re8 12. dxe5 dxe5 13. Bg5 Qd6 14. Nbd2 Qe6 15. b3 Nh5 16. Bxe7 Rxe7 17. Nc4 f6 18. Rad1 Nf4 19. Nh2 Ree8 20. Nf1 Rad8 21. f3 Qf7 22. Nfe3 Bc8 23. Nb2 Be6 24. Nd3 g5 25. c4 c6 26. Rd2 Rd7 27. Red1 Red8 28. Nb4 Rxd2 29. Rxd2 Rxd2 30. Qxd2 Qd7 31. Qxd7 1/2-1/2

[Event "Quimper op 5th"]
[Site "Quimper"]
[Date "2014.10.31"]
[Round "7"]
[White "Arveuf, Rene"]
[Black "Aumont, Eric"]
[Result "1-0"]
[WhiteElo "1582"]
[BlackElo "1741"]
[PlyCount "67"]
[EventDate "2014.10.31"]
[EventType "swiss"]
[EventRounds "7"]
[EventCountry "FRA"]
[SourceTitle "EXT 2016"]
[Source "ChessBase"]
[SourceDate "2015.10.08"]
[SourceVersion "1"]
[SourceVersionDate "2015.10.08"]
[SourceQuality "1"]

1. e4 c6 2. Nc3 d5 3. Qf3 d4 4. Bc4 Nf6 5. e5 dxc3 6. exf6 cxb2 7. Bxb2 exf6 8. Ne2 Bd6 9. 0-0 0-0 10. d4 Nd7 11. Bd3 Re8 12. h4 f5 13. g3 g6 14. h5 Nf6 15. hxg6 hxg6 16. Kg2 Rb8 17. Rh1 Bf8 18. Rh3 Bg7 19. Rah1 b6 20. c4 Ne4 21. Bxe4 fxe4 22. Qe3 Bxh3+ 23. Rxh3 Qf6 24. Bc3 Rbd8 25. g4 Qe7 26. d5 Bxc3 27. Nxc3 f6 28. Rh6 Kg7 29. Rh1 cxd5 30. Nxd5 Qf8 31. Qh6+ Kf7 32. Qf4 Re6 33. Rh7+ Ke8 34. Nc7# 1-0

[Event "Quimper op 5th"]
[Site "Quimper"]
[Date "2014.10.31"]
[Round "3"]
[White "Desbois, Jean Marie"]
[Black "Aumont, Eric"]
[Result "1/2-1/2"]
[WhiteElo "1510"]
[BlackElo "1741"]
[PlyCount "119"]
[EventDate "2014.10.31"]
[EventType "swiss"]
[EventRounds "7"]
[EventCountry "FRA"]
[SourceTitle "EXT 2016"]
[Source "ChessBase"]
[SourceDate "2015.10.08"]
[SourceVersion "1"]
[SourceVersionDate "2015.10.08"]
[SourceQuality "1"]

1. e4 c6 2. d4 d5 3. Nc3 dxe4 4. Nxe4 Bf5 5. Ng3 Bg6 6. Nf3 e6 7. Bf4 Nd7 8. Bd3 Be7 9. Bxg6 hxg6 10. Qd2 Ngf6 11. 0-0-0 Nd5 12. Kb1 Nxf4 13. Qxf4 Nf6 14. Ne5 Qd5 15. f3 Qa5 16. Ne4 Rd8 17. g4 Rf8 18. Nc4 Qb4 19. Ne3 Nd5 20. Nxd5 Rxd5 21. c3 Qb6 22. h4 Rh8 23. Qb8+ Rd8 24. Qe5 Kf8 25. Ng5 Bd6 26. Qe3 Qc7 27. Ne4 Bf4 28. Qe2 b6 29. Nf2 Ke7 30. Nd3 Bg3 31. h5 gxh5 32. gxh5 Kf8 33. Rdf1 Bd6 34. f4 Rh6 35. Rh4 Be7 36. Rg4 Bf6 37. Ne5 c5 38. f5 cxd4 39. cxd4 exf5 40. Rxf5 Re8 41. Qg2 Bxe5 42. dxe5 Qd7 43. Rf1 Rxe5 44. Rxg7 Rhxh5 45. Rgxf7+ Qxf7 46. Qa8+ Kg7 47. Rxf7+ Kxf7 48. Qxa7+ Ke8 49. Qb8+ Kd7 50. Qb7+ Ke8 51. Qxb6 Re1+ 52. Kc2 Rh2+ 53. Kc3 Ree2 54. a4 Rc2+ 55. Kd3 Rxb2 56. Qc6+ Kf7 57. Qc4+ Ke7 58. Qc5+ Kd7 59. Qe5 Kc6 60. Qe4+ 1/2-1/2

[Event "Quimper op 5th"]
[Site "Quimper"]
[Date "2014.10.31"]
[Round "1"]
[White "Le Nigen, Claude"]
[Black "Aumont, Eric"]
[Result "0-1"]
[WhiteElo "1280"]
[BlackElo "1741"]
[PlyCount "58"]
[EventDate "2014.10.31"]
[EventType "swiss"]
[EventRounds "7"]
[EventCountry "FRA"]
[SourceTitle "EXT 2016"]
[Source "ChessBase"]
[SourceDate "2015.10.08"]
[SourceVersion "1"]
[SourceVersionDate "2015.10.08"]
[SourceQuality "1"]

1. d4 d5 2. Bf4 Nf6 3. e3 c6 4. c3 e6 5. Bd3 c5 6. Nf3 Nc6 7. 0-0 Be7 8. h3 0-0 9. Qc2 c4 10. Be2 Bd7 11. b3 cxb3 12. axb3 Ne4 13. Nbd2 f5 14. Nxe4 fxe4 15. Ne5 a6 16. Nxd7 Qxd7 17. Bg4 g6 18. Bh6 Rfc8 19. Qb1 Nd8 20. c4 g5 21. h4 gxh4 22. cxd5 Qxd5 23. b4 Rc4 24. f3 exf3 25. Bxf3 Qd7 26. b5 Nf7 27. Bf4 Rb4 28. Qd3 Rxb5 29. Bh5 Rxh5 0-1

[Event "Cholet-B"]
[Site "Cholet"]
[Date "2012.02.23"]
[Round "8"]
[White "Aumont, Eric"]
[Black "Daniel, Jean Claude"]
[Result "1/2-1/2"]
[WhiteElo "1737"]
[BlackElo "1881"]
[PlyCount "90"]
[EventDate "2012.02.18"]
[EventType "tourn"]
[EventRounds "9"]
[EventCountry "FRA"]
[SourceTitle "EXT 2013"]
[Source "ChessBase"]
[SourceDate "2012.11.22"]
[SourceVersion "1"]
[SourceVersionDate "2012.11.22"]
[SourceQuality "1"]

1. c4 f5 2. Nc3 Nf6 3. g3 g6 4. Bg2 Bg7 5. e3 c6 6. Rb1 0-0 7. Nge2 d6 8. 0-0 e5 9. b3 Be6 10. d4 e4 11. Qd2 d5 12. cxd5 cxd5 13. Ba3 Re8 14. Rfc1 Nc6 15. Na4 Nd7 16. Rc2 Rc8 17. Rbc1 g5 18. Nc5 Nxc5 19. Bxc5 b6 20. Ba3 Na5 21. Rxc8 Bxc8 22. Qc3 Ba6 23. Qd2 Qd7 24. Bb4 Nc6 25. Ba3 Na5 26. Bb4 Nc6 27. Ba3 Rc8 28. Qd1 Bf8 29. Bxf8 Kxf8 30. a3 Na5 31. Rxc8+ Qxc8 32. Nc1 Qc3 33. Bf1 Bxf1 34. Kxf1 Qa1 35. b4 Nc4 36. a4 Qb1 37. Qh5 Qxc1+ 38. Kg2 Nxe3+ 39. fxe3 Qd2+ 40. Kf1 Qd3+ 41. Kf2 Qd2+ 42. Kf1 Qd3+ 43. Kf2 Qc2+ 44. Kf1 Qc4+ 45. Kf2 Qc2+ 1/2-1/2

[Event "Cholet-A"]
[Site "Cholet"]
[Date "2011.03.10"]
[Round "8"]
[White "Dubois, Pierre"]
[Black "Aumont, Eric"]
[Result "1-0"]
[WhiteElo "1930"]
[BlackElo "1807"]
[PlyCount "29"]
[EventDate "2011.03.05"]
[EventType "tourn"]
[EventRounds "9"]
[EventCountry "FRA"]
[SourceTitle "EXT 2012"]
[Source "ChessBase"]
[SourceDate "2011.11.24"]
[SourceVersion "1"]
[SourceVersionDate "2011.11.24"]
[SourceQuality "1"]

1. e4 c6 2. d4 g6 3. c4 Bg7 4. Nc3 d6 5. Nf3 Nh6 6. h3 b6 7. Be3 f6 8. Qd2 Nf7 9. Be2 Bb7 10. h4 e6 11. h5 g5 12. d5 cxd5 13. Nd4 Ke7 14. cxd5 Na6 15. Bxa6 1-0

[Event "Cholet-A"]
[Site "Cholet"]
[Date "2011.03.07"]
[Round "4"]
[White "Aumont, Eric"]
[Black "Denous, Cyprien"]
[Result "1-0"]
[WhiteElo "1807"]
[BlackElo "2012"]
[PlyCount "43"]
[EventDate "2011.03.05"]
[EventType "tourn"]
[EventRounds "9"]
[EventCountry "FRA"]
[SourceTitle "EXT 2012"]
[Source "ChessBase"]
[SourceDate "2011.11.24"]
[SourceVersion "1"]
[SourceVersionDate "2011.11.24"]
[SourceQuality "1"]

1. c4 c5 2. Nc3 Nc6 3. g3 g6 4. Bg2 Bg7 5. d3 Nf6 6. e4 0-0 7. Nge2 d6 8. 0-0 Rb8 9. Rb1 a6 10. b3 b5 11. Bb2 e6 12. Qd2 Bd7 13. Rfc1 e5 14. Nd5 Nxd5 15. exd5 Nd4 16. Nxd4 exd4 17. Re1 bxc4 18. bxc4 Rb7 19. Ba3 Qb8 20. Qc2 Re8 21. Rxe8+ Qxe8 22. Rxb7 1-0

[Event "Angers op 5th"]
[Site "Angers"]
[Date "2010.04.23"]
[Round "1"]
[White "Aumont, Eric"]
[Black "Nemety, Laszlo"]
[Result "0-1"]
[WhiteElo "1856"]
[BlackElo "2116"]
[PlyCount "88"]
[EventDate "2010.04.23"]
[EventType "swiss"]
[EventRounds "6"]
[EventCountry "FRA"]
[SourceTitle "EXT 2011"]
[Source "ChessBase"]
[SourceDate "2010.11.26"]
[SourceVersion "1"]
[SourceVersionDate "2010.11.26"]
[SourceQuality "1"]

1. e4 e6 2. d4 d6 3. Nf3 Nf6 4. Bd3 Nc6 5. 0-0 e5 6. d5 Ne7 7. Nh4 Ng6 8. Bg5 Be7 9. Bxf6 Bxf6 10. Bb5+ Kf8 11. Nf3 Nf4 12. Nbd2 g5 13. Kh1 h5 14. Ng1 h4 15. Be2 Qd7 16. g3 Nh3 17. g4 Nf4 18. h3 b5 19. c4 bxc4 20. Bxc4 c6 21. dxc6 Qxc6 22. Rc1 Qd7 23. Kh2 Kg7 24. Ne2 Bb7 25. Nc3 Rhc8 26. Qa4 Qd8 27. Nd5 Ne6 28. b4 a6 29. Nf3 Nf4 30. Qb3 Rab8 31. a3 a5 32. Rfd1 axb4 33. axb4 Bxd5 34. Bxd5 Qb6 35. Rc2 Rxc2 36. Qxc2 Qxb4 37. Qc7 Rf8 38. Ne1 Qa3 39. f3 Qe3 40. Ra1 Qf2+ 41. Kh1 Nxh3 42. Qa7 Qf1+ 43. Kh2 Nf4 44. Qg1 Qh3# 0-1

[Event "Pays de Loire-chT"]
[Site "Cholet"]
[Date "2009.??.??"]
[Round "2"]
[White "Lebreton, Flavien"]
[Black "Aumont, Eric"]
[Result "1-0"]
[WhiteElo "1976"]
[BlackElo "1750"]
[PlyCount "93"]
[EventDate "2009.06.??"]
[EventType "team-tourn"]
[EventRounds "6"]
[EventCountry "FRA"]
[SourceTitle "EXT 2010"]
[Source "ChessBase"]
[SourceDate "2010.11.25"]
[SourceVersion "1"]
[SourceVersionDate "2010.11.25"]
[SourceQuality "1"]

1. d4 f5 2. Nf3 Nf6 3. g3 b6 4. Bg2 Bb7 5. c4 e6 6. 0-0 Be7 7. Nc3 d6 8. d5 e5 9. Ng5 Bc8 10. Qc2 g6 11. b4 a5 12. b5 Nh5 13. Ne6 Bxe6 14. dxe6 Ra7 15. e4 fxe4 16. Bxe4 Rg8 17. f4 Bf6 18. Bd5 Qe7 19. fxe5 dxe5 20. Ne4 Rf8 21. a4 c5 22. bxc6 Bg7 23. Rf7 Rxf7 24. exf7+ Kd8 25. Ba3 Qc7 26. Rd1 Nd7 27. Be6 Qxc6 28. Rd6 Qc8 29. Qd3 Bf8 30. Rxd7+ Rxd7 31. Qxd7+ Qxd7 32. Bxd7 Bxa3 33. c5 Ke7 34. c6 Kd8 35. Ng5 Ng7 36. Nxh7 Nh5 37. f8Q+ Bxf8 38. Nxf8 Nf6 39. Nxg6 e4 40. Kf2 Nd5 41. h4 b5 42. axb5 a4 43. Be6 Nc3 44. b6 Nb5 45. c7+ Nxc7 46. bxc7+ Kxc7 47. h5 1-0